Medicinal plants / (رقم التسجيلة. 108465)
[ عرض عادي ]
| 000 -LEADER | |
|---|---|
| fixed length control field | 00827cam a2200277 a 4500 |
| 003 - CONTROL NUMBER IDENTIFIER | |
| control field | EG-GiCUC |
| 008 - FIXED-LENGTH DATA ELEMENTS--GENERAL INFORMATION | |
| fixed length control field | 080827s1970 ua a b 000 0 eng |
| 040 ## - CATALOGING SOURCE | |
| Original cataloging agency | DLC |
| Transcribing agency | DLC |
| Modifying agency | DLC |
| 050 00 - LIBRARY OF CONGRESS CALL NUMBER | |
| Classification number | QK99 |
| Item number | .J32 |
| 092 04 - LOCALLY ASSIGNED DEWEY CALL NUMBER (OCLC) | |
| Classification number | 581.634 |
| Item number | B172 1970 |
| Edition number | 21 |
| 099 ## - LOCAL FREE-TEXT CALL NUMBER (OCLC) | |
| Classification number | 04 |
| -- | 581.634 B172 1970 |
| 100 1# - MAIN ENTRY--PERSONAL NAME | |
| Personal name | Jain, S. K. |
| Fuller form of name | (Sudhanshu Kumar), |
| Dates associated with a name | 1926- |
| 245 10 - TITLE STATEMENT | |
| Title | Medicinal plants / |
| Statement of responsibility, etc. | [by] S. K. Jain. |
| 250 ## - EDITION STATEMENT | |
| Edition statement | 3rd ed |
| 260 ## - PUBLICATION, DISTRIBUTION, ETC. | |
| Place of publication, distribution, etc. | [Cairo], |
| Name of publisher, distributor, etc. | Genral Organization for University and School Books |
| Date of publication, distribution, etc. | [1970] |
| 300 ## - PHYSICAL DESCRIPTION | |
| Extent | 611p. |
| Other physical details | illus. (part col.) |
| Dimensions | 21 cm. |
| 650 #0 - SUBJECT ADDED ENTRY--TOPICAL TERM | |
| Topical term or geographic name entry element | Medicinal plants |
| 700 1# - ADDED ENTRY--PERSONAL NAME | |
| Personal name | Balbaʻ, Shafik I |
| 700 1# - ADDED ENTRY--PERSONAL NAME | |
| Personal name | Hilal, Sayed H. |
| 700 1# - ADDED ENTRY--PERSONAL NAME | |
| Personal name | Zaki, Ashgan Y. |
| 902 ## - LOCAL DATA ELEMENT B, LDB (RLIN) | |
| No. of Items | 1 |
| 905 ## - LOCAL DATA ELEMENT E, LDE (RLIN) | |
| Cataloger | Eman |
| Reviser | Rev |
| 905 ## - LOCAL DATA ELEMENT E, LDE (RLIN) | |
| Cataloger | Jamal |
| Reviser | Cat. |
| 942 ## - ADDED ENTRY ELEMENTS (KOHA) | |
| Source of classification or shelving scheme | Dewey Decimal Classification |
| Koha item type | Books |
| Source of classification or shelving scheme | Not for loan | Home library | Current library | Date acquired | Full call number | Barcode | Date last seen | Copy number | Koha item type |
|---|---|---|---|---|---|---|---|---|---|
| Dewey Decimal Classification | المكتبة المركزبة الجديدة - جامعة القاهرة | قاعة المكتبات المهداة - الدور الرابع | 11.02.2024 | 581.634 B172 1970 K.B. | 01000113000267000 | 23.06.2024 | C.1 | Books |